[Event "M?R 2020 v bleskovém ?achu druzstev"]
[Site "Turnov"]
[Date "2020.09.12"]
[Round "3.4"]
[White "Studnicka TUR_A, Tomas"]
[Black "Janocko LIN, Petr"]
[Result "1/2-1/2"]
[BlackElo "2133"]
[WhiteElo "2155"]
[LiveChessVersion "1.4.8"]

1. d4 {[%clk 0:03:04]} Nf6 {[%clk 0:03:02]} 2. Bf4 {[%clk 0:03:01]} g6
{[%clk 0:03:01]} 3. Nc3 {[%clk 0:03:02]} d5 4. e3 c6 {[%clk 0:02:48]} 5. Nf3
{[%clk 0:02:46]} Bg7 {[%clk 0:02:49]} 6. Bd3 {[%clk 0:02:42]} Nbd7
{[%clk 0:02:49]} 7. Ne5 {[%clk 0:02:35]} Nh5 {[%clk 0:02:44]} 8. g3
{[%clk 0:02:16]} Nxf4 {[%clk 0:02:26]} 9. gxf4 {[%clk 0:02:16]} Nxe5
{[%clk 0:02:20]} 10. fxe5 {[%clk 0:02:17]} Qb6 {[%clk 0:02:12]} 11. Na4
{[%clk 0:02:17]} Qa5+ {[%clk 0:02:06]} 12. c3 {[%clk 0:02:18]} Qc7
{[%clk 0:02:07]} 13. h4 {[%clk 0:02:03]} h5 {[%clk 0:01:55]} 14. f4
{[%clk 0:02:03]} Bg4 {[%clk 0:01:55]} 15. Be2 {[%clk 0:02:01]} Bf5
{[%clk 0:01:52]} 16. Bd3 {[%clk 0:01:51]} Bg4 {[%clk 0:01:32]} 17. Be2
{[%clk 0:01:52]} Bf5 {[%clk 0:01:31]} 18. Bd3 {[%clk 0:01:43]} Bg4
{[%clk 0:01:30]} 19. Be2 1/2-1/2

[Event "M?R 2020 v bleskovém ?achu druzstev"]
[Site "Turnov"]
[Date "2020.09.12"]
[Round "3.5"]
[White "Natsidis DEC, Christoph"]
[Black "Slepov JUN, Kyryl"]
[Result "1-0"]
[BlackElo "2124"]
[WhiteElo "2261"]
[LiveChessVersion "1.4.8"]

1. d4 {[%clk 0:03:03]} d5 {[%clk 0:03:03]} 2. c4 {[%clk 0:03:04]} e6
{[%clk 0:03:05]} 3. Nc3 {[%clk 0:03:06]} Nf6 {[%clk 0:03:06]} 4. cxd5 exd5
{[%clk 0:03:07]} 5. Bg5 {[%clk 0:03:08]} Be7 {[%clk 0:03:07]} 6. e3
{[%clk 0:03:08]} O-O {[%clk 0:03:07]} 7. Bd3 {[%clk 0:03:08]} c6 {[%clk 0:03:08]}
8. Qc2 {[%clk 0:03:09]} Nbd7 {[%clk 0:03:09]} 9. Nf3 {[%clk 0:03:10]} Re8
{[%clk 0:03:10]} 10. h3 {[%clk 0:03:10]} Nf8 {[%clk 0:03:11]} 11. Bf4
{[%clk 0:03:11]} Ne6 {[%clk 0:02:56]} 12. Bh2 {[%clk 0:03:12]} g6
{[%clk 0:02:56]} 13. O-O {[%clk 0:03:07]} Ng7 {[%clk 0:02:57]} 14. Rab1
{[%clk 0:03:03]} a5 {[%clk 0:02:58]} 15. a3 {[%clk 0:03:04]} Bf5 {[%clk 0:02:58]}
16. b4 {[%clk 0:03:06]} axb4 {[%clk 0:02:56]} 17. axb4 {[%clk 0:03:07]} Bxd3
{[%clk 0:02:53]} 18. Qxd3 {[%clk 0:03:08]} Nf5 {[%clk 0:02:47]} 19. b5
{[%clk 0:03:03]} c5 {[%clk 0:02:48]} 20. dxc5 {[%clk 0:02:55]} Bxc5
{[%clk 0:02:49]} 21. Be5 {[%clk 0:02:48]} Nh4 {[%clk 0:02:23]} 22. Nxh4
{[%clk 0:02:49]} Rxe5 {[%clk 0:02:24]} 23. Nf3 {[%clk 0:02:50]} Re8
{[%clk 0:02:06]} 24. Rfd1 {[%clk 0:02:50]} Ra3 {[%clk 0:01:55]} 25. Qc2
{[%clk 0:02:31]} d4 {[%clk 0:01:31]} 26. Nxd4 {[%clk 0:01:07]} Bxd4
{[%clk 0:01:32]} 27. Ne2 {[%clk 0:00:46]} 1-0

[Event "M?R 2020 v bleskovém ?achu druzstev"]
[Site "Turnov"]
[Date "2020.09.12"]
[Round "3.6"]
[White "Sipek JUN, Michal"]
[Black "Buchcar DEC, Tomas"]
[Result "0-1"]
[BlackElo "2043"]
[WhiteElo "2077"]
[LiveChessVersion "1.4.8"]

1. d4 {[%clk 0:03:01]} Nf6 {[%clk 0:03:03]} 2. c4 {[%clk 0:03:02]} c5
{[%clk 0:03:04]} 3. e3 {[%clk 0:02:52]} e6 {[%clk 0:03:05]} 4. Nf3
{[%clk 0:02:51]} b6 {[%clk 0:02:58]} 5. Nc3 {[%clk 0:02:42]} d6 {[%clk 0:02:46]}
6. dxc5 {[%clk 0:02:30]} bxc5 {[%clk 0:02:45]} 7. Be2 {[%clk 0:02:06]} Be7
{[%clk 0:02:45]} 8. O-O {[%clk 0:02:06]} O-O {[%clk 0:02:46]} 9. b3
{[%clk 0:02:01]} Bb7 {[%clk 0:02:41]} 10. Bb2 {[%clk 0:02:00]} Bc6
{[%clk 0:01:59]} 11. Qc2 {[%clk 0:01:55]} a6 {[%clk 0:01:59]} 12. Rad1
{[%clk 0:01:31]} Qc7 {[%clk 0:01:59]} 13. Nd2 {[%clk 0:01:24]} Nbd7
{[%clk 0:01:59]} 14. Nde4 {[%clk 0:01:23]} Rfe8 {[%clk 0:01:30]} 15. Bf3
{[%clk 0:01:24]} Rac8 {[%clk 0:01:18]} 16. Nxf6+ {[%clk 0:01:25]} Nxf6
{[%clk 0:01:19]} 17. Bxc6 {[%clk 0:01:26]} Qxc6 {[%clk 0:01:19]} 18. e4
{[%clk 0:01:21]} Nd7 {[%clk 0:01:03]} 19. Ne2 {[%clk 0:01:16]} Bf6
{[%clk 0:01:00]} 20. f3 {[%clk 0:01:09]} Qc7 {[%clk 0:00:57]} 21. Bxf6
{[%clk 0:01:06]} Nxf6 {[%clk 0:00:58]} 22. Rd2 {[%clk 0:01:08]} Red8
{[%clk 0:00:58]} 23. Rfd1 {[%clk 0:01:09]} Rd7 {[%clk 0:00:54]} 24. Qc3
{[%clk 0:01:09]} Rcd8 {[%clk 0:00:54]} 25. Nf4 {[%clk 0:01:04]} Qc6
{[%clk 0:00:48]} 26. Qa5 {[%clk 0:01:01]} h6 {[%clk 0:00:41]} 27. h3
{[%clk 0:00:59]} g5 {[%clk 0:00:31]} 28. Ne2 {[%clk 0:00:54]} d5 {[%clk 0:00:29]}
29. cxd5 {[%clk 0:00:43]} exd5 {[%clk 0:00:29]} 30. e5 {[%clk 0:00:34]} Ne8
{[%clk 0:00:27]} 31. Rc2 {[%clk 0:00:34]} Rc8 {[%clk 0:00:15]} 32. Rdc1
{[%clk 0:00:32]} Qe6 {[%clk 0:00:16]} 33. Rxc5 {[%clk 0:00:08]} Rxc5
{[%clk 0:00:17]} 0-1

[Event "M?R 2020 v bleskovém ?achu druzstev"]
[Site "Turnov"]
[Date "2020.09.12"]
[Round "3.7"]
[White "Babicka DEC, Michal"]
[Black "Sipek JUN, Oldrich"]
[Result "1-0"]
[BlackElo "1981"]
[WhiteElo "2076"]
[LiveChessVersion "1.4.8"]

1. e4 {[%clk 0:03:03]} c5 {[%clk 0:03:03]} 2. Nf3 {[%clk 0:03:04]} Nc6
{[%clk 0:03:04]} 3. Bb5 {[%clk 0:03:05]} a6 {[%clk 0:03:05]} 4. Bxc6
{[%clk 0:03:06]} bxc6 {[%clk 0:03:06]} 5. O-O {[%clk 0:03:05]} g6
{[%clk 0:03:03]} 6. d3 {[%clk 0:03:05]} Bg7 {[%clk 0:03:03]} 7. Nc3
{[%clk 0:03:05]} d5 {[%clk 0:03:02]} 8. h3 {[%clk 0:03:05]} Nf6 {[%clk 0:02:57]}
9. e5 {[%clk 0:03:01]} Nd7 {[%clk 0:02:56]} 10. Bf4 {[%clk 0:02:59]} O-O
{[%clk 0:02:51]} 11. Qd2 {[%clk 0:03:00]} Re8 {[%clk 0:02:39]} 12. Rfe1
{[%clk 0:02:59]} Nf8 {[%clk 0:02:37]} 13. Bh6 {[%clk 0:02:43]} Bh8
{[%clk 0:02:33]} 14. b3 {[%clk 0:02:37]} Be6 {[%clk 0:02:32]} 15. Na4
{[%clk 0:02:31]} Nd7 {[%clk 0:02:30]} 16. c4 {[%clk 0:02:17]} Qc7
{[%clk 0:02:28]} 17. Bf4 {[%clk 0:02:13]} Rad8 {[%clk 0:02:27]} 18. Qe3
{[%clk 0:02:06]} d4 {[%clk 0:02:20]} 19. Qd2 {[%clk 0:02:03]} Bf5
{[%clk 0:02:08]} 20. Re2 {[%clk 0:02:00]} e6 {[%clk 0:02:04]} 21. g4
{[%clk 0:01:59]} h5 {[%clk 0:01:44]} 22. gxf5 {[%clk 0:01:57]} gxf5
{[%clk 0:01:45]} 23. Kh2 {[%clk 0:01:50]} Kf8 {[%clk 0:01:40]} 24. Rg1
{[%clk 0:01:42]} Ke7 {[%clk 0:01:39]} 25. Kh1 {[%clk 0:01:37]} Rg8
{[%clk 0:01:27]} 26. Ree1 {[%clk 0:01:38]} Rg6 {[%clk 0:01:23]} 27. Rxg6
{[%clk 0:01:36]} fxg6 {[%clk 0:01:17]} 28. Bg5+ {[%clk 0:01:37]} Kf7
{[%clk 0:01:18]} 29. Bxd8 {[%clk 0:01:37]} Qxd8 {[%clk 0:01:19]} 30. Qg5
{[%clk 0:01:34]} Qxg5 {[%clk 0:01:18]} 31. Nxg5+ {[%clk 0:01:35]} Ke7
{[%clk 0:01:19]} 32. f4 {[%clk 0:01:35]} Bg7 {[%clk 0:01:06]} 33. Rb1
{[%clk 0:01:36]} a5 {[%clk 0:01:07]} 34. a3 {[%clk 0:01:38]} Bf8 {[%clk 0:01:06]}
35. b4 {[%clk 0:01:37]} cxb4 {[%clk 0:01:04]} 36. axb4 {[%clk 0:01:38]} axb4
{[%clk 0:01:03]} 37. Rxb4 {[%clk 0:01:38]} Kd8 {[%clk 0:01:02]} 38. Nxe6+
{[%clk 0:01:35]} 1-0

[Event "M?R 2020 v bleskovém ?achu druzstev"]
[Site "Turnov"]
[Date "2020.09.12"]
[Round "3.8"]
[White "Tioka JUN, Zdenek"]
[Black "Janda DEC, Zdenek"]
[Result "1-0"]
[BlackElo "2027"]
[WhiteElo "1879"]
[LiveChessVersion "1.4.8"]

1. e4 {[%clk 0:03:02]} d6 {[%clk 0:03:02]} 2. d4 {[%clk 0:03:03]} Nf6
{[%clk 0:03:00]} 3. Nc3 {[%clk 0:03:03]} g6 {[%clk 0:02:59]} 4. Nf3
{[%clk 0:03:04]} Bg7 {[%clk 0:02:58]} 5. Be2 {[%clk 0:03:05]} c6 {[%clk 0:02:57]}
6. a4 {[%clk 0:03:05]} a5 {[%clk 0:02:58]} 7. O-O {[%clk 0:03:05]} O-O
{[%clk 0:02:58]} 8. h3 {[%clk 0:03:05]} Na6 {[%clk 0:02:58]} 9. Be3
{[%clk 0:02:52]} Qc7 {[%clk 0:02:53]} 10. Qd2 {[%clk 0:02:51]} Nb4
{[%clk 0:02:52]} 11. Qc1 {[%clk 0:01:28]} e5 {[%clk 0:02:39]} 12. Rd1
{[%clk 0:01:24]} Nh5 {[%clk 0:02:27]} 13. dxe5 {[%clk 0:01:14]} dxe5
{[%clk 0:02:25]} 14. Bf1 {[%clk 0:01:09]} Nf4 {[%clk 0:02:17]} 15. Ne2
{[%clk 0:01:05]} Bh6 {[%clk 0:01:24]} 16. Ng3 {[%clk 0:01:04]} Be6
{[%clk 0:01:11]} 17. c3 {[%clk 0:00:57]} Na6 {[%clk 0:01:05]} 18. Qc2
{[%clk 0:00:57]} Rad8 {[%clk 0:00:54]} 19. Rxd8 {[%clk 0:00:56]} Rxd8 20. Rd1 Rd7
{[%clk 0:00:45]} 21. Rxd7 {[%clk 0:00:51]} Bxd7 {[%clk 0:00:46]} 22. Qd2
{[%clk 0:00:46]} Be6 {[%clk 0:00:42]} 23. Ne2 {[%clk 0:00:43]} Nxe2+
{[%clk 0:00:37]} 24. Bxe2 {[%clk 0:00:44]} Bxe3 {[%clk 0:00:36]} 25. Qxe3
{[%clk 0:00:44]} Qd6 {[%clk 0:00:28]} 26. Qh6 {[%clk 0:00:39]} Nc5
{[%clk 0:00:20]} 27. Ng5 {[%clk 0:00:27]} 1-0

[Event "M?R 2020 v bleskovém ?achu druzstev"]
[Site "Turnov"]
[Date "2020.09.12"]
[Round "4.1"]
[White "Kraus TUR_A, Tomas"]
[Black "Finek LIB, Vaclav"]
[Result "0-1"]
[BlackElo "1852"]
[WhiteElo "2417"]
[LiveChessVersion "1.4.8"]

1. d4 {[%clk 0:03:03]} Nf6 {[%clk 0:03:03]} 2. g3 {[%clk 0:03:01]} g6
{[%clk 0:02:57]} 3. Bg2 {[%clk 0:03:03]} d5 {[%clk 0:02:58]} 4. Nf3
{[%clk 0:03:01]} Bg7 {[%clk 0:02:58]} 5. O-O {[%clk 0:03:02]} O-O
{[%clk 0:02:58]} 6. a4 {[%clk 0:02:34]} c6 {[%clk 0:02:47]} 7. Bf4
{[%clk 0:02:24]} Bf5 {[%clk 0:02:41]} 8. Nbd2 {[%clk 0:02:13]} Nbd7
{[%clk 0:02:38]} 9. Nh4 {[%clk 0:01:49]} Be6 {[%clk 0:02:23]} 10. e4
{[%clk 0:01:48]} dxe4 {[%clk 0:02:23]} 11. Nxe4 {[%clk 0:01:48]} Nxe4
{[%clk 0:02:22]} 12. Bxe4 {[%clk 0:01:47]} Nf6 {[%clk 0:02:10]} 13. Bg2
{[%clk 0:01:46]} Bd5 {[%clk 0:02:10]} 14. Nf3 {[%clk 0:01:43]} a5
{[%clk 0:01:54]} 15. Re1 {[%clk 0:01:44]} Re8 {[%clk 0:01:53]} 16. Qd3
{[%clk 0:01:40]} Qb6 {[%clk 0:01:47]} 17. b3 {[%clk 0:01:31]} Rad8
{[%clk 0:01:44]} 18. Rad1 {[%clk 0:01:32]} Bxf3 {[%clk 0:01:34]} 19. Bxf3
{[%clk 0:01:09]} Nd5 {[%clk 0:01:35]} 20. Bxd5 {[%clk 0:00:49]} Rxd5
{[%clk 0:01:32]} 21. c3 {[%clk 0:00:26]} e5 {[%clk 0:01:01]} 22. Qc4
{[%clk 0:00:21]} Red8 23. Bg5 R8d7 {[%clk 0:00:48]} 24. Rc1 {[%clk 0:00:13]} h6
{[%clk 0:00:48]} 25. Be3 {[%clk 0:00:10]} exd4 {[%clk 0:00:47]} 26. cxd4
{[%clk 0:00:09]} Bxd4 {[%clk 0:00:38]} 27. Bxd4 {[%clk 0:00:10]} Qxd4
{[%clk 0:00:39]} 28. Qxd4 Rxd4 {[%clk 0:00:40]} 29. Rc3 {[%clk 0:00:04]} Rd3
{[%clk 0:00:32]} 30. Re3 {[%clk 0:00:04]} Rxc3 {[%clk 0:00:31]} 31. Rxc3
{[%clk 0:00:05]} Kg7 {[%clk 0:00:30]} 32. Re3 {[%clk 0:00:05]} Kf6
{[%clk 0:00:30]} 33. Kf1 {[%clk 0:00:06]} Rd2 {[%clk 0:00:25]} 34. h4
{[%clk 0:00:06]} Rb2 {[%clk 0:00:26]} 35. Kg2 {[%clk 0:00:06]} b5
{[%clk 0:00:22]} 36. axb5 {[%clk 0:00:06]} cxb5 {[%clk 0:00:23]} 37. Kf3
{[%clk 0:00:04]} Ra2 {[%clk 0:00:21]} 38. Kg2 {[%clk 0:00:04]} Ra3
{[%clk 0:00:19]} 39. Kf1 {[%clk 0:00:03]} a4 {[%clk 0:00:17]} 40. Rf3+
{[%clk 0:00:04]} Kg7 {[%clk 0:00:17]} 0-1

[Event "M?R 2020 v bleskovém ?achu druzstev"]
[Site "Turnov"]
[Date "2020.09.12"]
[Round "4.2"]
[White "Hurtik LIB, Matej"]
[Black "Simacek TUR_A, Pavel"]
[Result "0-1"]
[BlackElo "2407"]
[WhiteElo "1952"]
[LiveChessVersion "1.4.8"]

1. e4 {[%clk 0:03:03]} d5 {[%clk 0:03:01]} 2. exd5 {[%clk 0:03:03]} Nf6
{[%clk 0:03:01]} 3. d4 {[%clk 0:03:03]} Nxd5 {[%clk 0:03:02]} 4. c4
{[%clk 0:03:03]} Nb6 {[%clk 0:03:03]} 5. Nf3 {[%clk 0:03:04]} Bg4
{[%clk 0:03:04]} 6. Nc3 {[%clk 0:02:59]} e5 {[%clk 0:03:03]} 7. d5
{[%clk 0:02:59]} N8d7 {[%clk 0:03:01]} 8. h3 {[%clk 0:02:43]} Bh5
{[%clk 0:02:54]} 9. Be3 {[%clk 0:02:12]} Bb4 {[%clk 0:02:46]} 10. Be2
{[%clk 0:01:56]} O-O {[%clk 0:02:45]} 11. Rc1 {[%clk 0:01:50]} a5
{[%clk 0:02:41]} 12. b3 {[%clk 0:01:46]} Bg6 {[%clk 0:02:25]} 13. O-O
{[%clk 0:01:45]} Ba3 {[%clk 0:02:26]} 14. c5 {[%clk 0:01:05]} Bxc1
{[%clk 0:02:22]} 15. Qxc1 {[%clk 0:01:04]} e4 {[%clk 0:02:20]} 16. Nd4
{[%clk 0:00:50]} Nxc5 {[%clk 0:02:18]} 17. Bg5 {[%clk 0:00:36]} Qd7
{[%clk 0:02:01]} 18. Bg4 {[%clk 0:00:25]} f5 {[%clk 0:01:57]} 19. Be2
{[%clk 0:00:26]} Kh8 {[%clk 0:01:53]} 20. Bb5 {[%clk 0:00:10]} Qd6
{[%clk 0:01:51]} 21. Bf4 {[%clk 0:00:10]} Qe7 {[%clk 0:01:48]} 22. Rd1
{[%clk 0:00:05]} Bf7 {[%clk 0:01:42]} 23. Nde2 {[%clk 0:00:03]} Nd3
{[%clk 0:01:17]} 24. Bxd3 {[%clk 0:00:04]} exd3 {[%clk 0:01:18]} 25. Rxd3
{[%clk 0:00:04]} Rad8 {[%clk 0:01:17]} 26. Bg5 {[%clk 0:00:05]} Qd7
{[%clk 0:01:17]} 27. Bxd8 {[%clk 0:00:05]} Rxd8 {[%clk 0:01:18]} 28. Rf3
{[%clk 0:00:04]} Nxd5 {[%clk 0:01:16]} 29. Nxd5 {[%clk 0:00:03]} Bxd5
{[%clk 0:01:17]} 30. Rg3 {[%clk 0:00:04]} Be4 {[%clk 0:01:14]} 31. Qg5
{[%clk 0:00:03]} h6 {[%clk 0:01:06]} 32. Qg6 {[%clk 0:00:04]} Rf8
{[%clk 0:01:05]} 33. Nf4 {[%clk 0:00:04]} Rf6 {[%clk 0:01:01]} 34. Qh5
{[%clk 0:00:05]} Qf7 {[%clk 0:00:57]} 35. Qxf7 {[%clk 0:00:04]} Rxf7
{[%clk 0:00:58]} 36. Ng6+ {[%clk 0:00:05]} Kh7 {[%clk 0:00:56]} 37. Ne5
{[%clk 0:00:05]} Rf6 {[%clk 0:00:55]} 38. Re3 {[%clk 0:00:05]} Re6
{[%clk 0:00:53]} 39. Nc4 {[%clk 0:00:05]} b6 {[%clk 0:00:51]} 40. f3
{[%clk 0:00:05]} Bd5 {[%clk 0:00:52]} 41. Rd3 {[%clk 0:00:05]} Bxc4
{[%clk 0:00:53]} 42. bxc4 {[%clk 0:00:06]} Re1+ {[%clk 0:00:54]} 43. Kf2
{[%clk 0:00:07]} Rc1 {[%clk 0:00:55]} 44. Rd5 {[%clk 0:00:06]} Rxc4
{[%clk 0:00:55]} 45. Rxf5 {[%clk 0:00:07]} Rc2+ {[%clk 0:00:56]} 46. Kg3
{[%clk 0:00:08]} Rxa2 {[%clk 0:00:57]} 0-1

[Event "M?R 2020 v bleskovém ?achu druzstev"]
[Site "Turnov"]
[Date "2020.09.12"]
[Round "4.3"]
[White "Vykouk TUR_A, Jan"]
[Black "Hofman LIB, Krystof"]
[Result "1-0"]
[BlackElo "2043"]
[WhiteElo "2374"]
[LiveChessVersion "1.4.8"]

1. e4 {[%clk 0:03:02]} c5 {[%clk 0:03:02]} 2. Nf3 {[%clk 0:03:02]} Nc6
{[%clk 0:03:03]} 3. d4 {[%clk 0:03:03]} cxd4 {[%clk 0:03:04]} 4. Nxd4
{[%clk 0:03:04]} Nf6 {[%clk 0:03:04]} 5. Nc3 {[%clk 0:03:05]} e5 {[%clk 0:03:05]}
6. Ndb5 {[%clk 0:03:06]} d6 {[%clk 0:03:05]} 7. Bg5 {[%clk 0:03:07]} a6
{[%clk 0:03:06]} 8. Na3 {[%clk 0:03:08]} b5 {[%clk 0:03:07]} 9. Nd5
{[%clk 0:03:10]} Be7 {[%clk 0:03:08]} 10. Bxf6 {[%clk 0:03:11]} Bxf6
{[%clk 0:03:06]} 11. c4 {[%clk 0:03:12]} b4 {[%clk 0:03:06]} 12. Nc2
{[%clk 0:03:13]} a5 {[%clk 0:03:07]} 13. g3 {[%clk 0:03:13]} O-O {[%clk 0:03:05]}
14. Bg2 {[%clk 0:03:14]} Bg5 {[%clk 0:03:05]} 15. O-O {[%clk 0:03:14]} Be6
{[%clk 0:02:52]} 16. Qd3 {[%clk 0:03:12]} Rb8 {[%clk 0:02:39]} 17. b3
{[%clk 0:03:12]} g6 {[%clk 0:02:07]} 18. f4 {[%clk 0:02:59]} exf4
{[%clk 0:01:28]} 19. gxf4 {[%clk 0:03:00]} Bh6 {[%clk 0:01:26]} 20. Rad1
{[%clk 0:03:00]} Bg4 {[%clk 0:01:18]} 21. Rd2 {[%clk 0:02:58]} f5
{[%clk 0:01:01]} 22. Qg3 {[%clk 0:02:27]} Qd7 {[%clk 0:00:47]} 23. Nce3
{[%clk 0:02:18]} Rbe8 {[%clk 0:00:33]} 24. e5 {[%clk 0:02:00]} Nxe5
{[%clk 0:00:12]} 25. fxe5 {[%clk 0:01:55]} f4 {[%clk 0:00:12]} 26. Qxg4
{[%clk 0:01:52]} Qa7 {[%clk 0:00:06]} 27. Rdf2 {[%clk 0:01:05]} fxe3 28. Rxf8+
Rxf8 29. Rxf8+ Kxf8 30. Qc8+ Kf7 31. e6+ Kg7 32. Qd7+ 1-0

[Event "M?R 2020 v bleskovém ?achu druzstev"]
[Site "Turnov"]
[Date "2020.09.12"]
[Round "4.4"]
[White "Machacek LIB, Jan"]
[Black "Studnicka TUR_A, Tomas"]
[Result "0-1"]
[BlackElo "2155"]
[WhiteElo "1668"]
[LiveChessVersion "1.4.8"]

1. e4 {[%clk 0:03:04]} c5 {[%clk 0:03:02]} 2. Nf3 {[%clk 0:03:05]} Nc6
{[%clk 0:03:03]} 3. d4 {[%clk 0:03:06]} cxd4 {[%clk 0:03:05]} 4. Nxd4 g6 5. c4
{[%clk 0:03:05]} Bg7 {[%clk 0:03:07]} 6. Be3 {[%clk 0:03:06]} Nf6
{[%clk 0:03:08]} 7. Nc3 {[%clk 0:03:06]} Ng4 {[%clk 0:03:09]} 8. Qxg4
{[%clk 0:03:00]} Nxd4 {[%clk 0:03:10]} 9. Bd3 {[%clk 0:02:54]} O-O
{[%clk 0:03:07]} 10. O-O {[%clk 0:02:53]} d5 {[%clk 0:02:58]} 11. Qd1
{[%clk 0:02:54]} dxe4 {[%clk 0:02:48]} 12. Nxe4 {[%clk 0:02:47]} e5
{[%clk 0:02:38]} 13. Rc1 {[%clk 0:02:46]} b6 {[%clk 0:02:35]} 14. b4
{[%clk 0:02:45]} Bb7 {[%clk 0:02:34]} 15. Nc3 {[%clk 0:02:39]} f5
{[%clk 0:02:25]} 16. f3 {[%clk 0:02:33]} Qd7 {[%clk 0:02:13]} 17. Kh1
{[%clk 0:02:32]} Rad8 {[%clk 0:02:13]} 18. Bb1 {[%clk 0:02:22]} Kh8
{[%clk 0:01:54]} 19. a3 {[%clk 0:02:19]} Rc8 {[%clk 0:01:44]} 20. Ba2
{[%clk 0:02:20]} Rfd8 {[%clk 0:01:44]} 21. Qe1 {[%clk 0:02:15]} Qe7
{[%clk 0:01:20]} 22. Qf2 {[%clk 0:02:12]} Qf6 {[%clk 0:01:21]} 23. Rfd1
{[%clk 0:02:07]} h6 {[%clk 0:01:21]} 24. Ne2 {[%clk 0:01:57]} Nxe2
{[%clk 0:01:13]} 25. Qxe2 {[%clk 0:01:57]} e4 {[%clk 0:01:13]} 26. fxe4
{[%clk 0:01:54]} Bxe4 {[%clk 0:01:12]} 27. c5 {[%clk 0:01:36]} Qb2
{[%clk 0:01:00]} 28. Rxd8+ {[%clk 0:01:10]} Rxd8 {[%clk 0:01:00]} 29. Qxb2
{[%clk 0:01:11]} Bxb2 {[%clk 0:01:01]} 30. Rc2 {[%clk 0:01:12]} Bxc2
{[%clk 0:01:01]} 0-1

[Event "M?R 2020 v bleskovém ?achu druzstev"]
[Site "Turnov"]
[Date "2020.09.12"]
[Round "4.5"]
[White "Soukup KVA, Jiri"]
[Black "Polak MOR_A, Tomas"]
[Result "0-1"]
[BlackElo "2476"]
[WhiteElo "2252"]
[LiveChessVersion "1.4.8"]

1. e4 {[%clk 0:03:03]} c6 {[%clk 0:03:02]} 2. d4 {[%clk 0:03:00]} d5
{[%clk 0:03:03]} 3. Nc3 {[%clk 0:03:00]} dxe4 {[%clk 0:03:04]} 4. Nxe4
{[%clk 0:03:01]} Bf5 {[%clk 0:03:06]} 5. Ng3 Bg6 6. h4 {[%clk 0:03:01]} h6
{[%clk 0:03:08]} 7. Nf3 Nd7 8. Bd3 {[%clk 0:02:51]} Bxd3 {[%clk 0:03:11]} 9. Qxd3
{[%clk 0:02:51]} Ngf6 {[%clk 0:03:11]} 10. Bd2 {[%clk 0:02:47]} e6
{[%clk 0:03:09]} 11. O-O-O Qc7 12. Rhe1 {[%clk 0:02:34]} O-O-O {[%clk 0:03:07]}
13. Qb3 {[%clk 0:02:27]} Bd6 {[%clk 0:02:58]} 14. Nf1 {[%clk 0:02:14]} Kb8
{[%clk 0:02:48]} 15. g3 {[%clk 0:02:11]} c5 {[%clk 0:02:45]} 16. Ne3
{[%clk 0:01:54]} Qc6 {[%clk 0:02:43]} 17. Nc4 {[%clk 0:01:50]} Bc7
{[%clk 0:02:43]} 18. Bf4 {[%clk 0:01:25]} Bxf4+ {[%clk 0:02:34]} 19. gxf4
{[%clk 0:01:25]} Nd5 {[%clk 0:02:09]} 20. Nfe5 {[%clk 0:01:24]} Nxe5
{[%clk 0:02:09]} 21. Nxe5 {[%clk 0:01:23]} Qc7 {[%clk 0:02:10]} 22. dxc5
{[%clk 0:01:12]} Nxf4 {[%clk 0:02:01]} 23. c6 {[%clk 0:00:54]} Nd5
{[%clk 0:01:37]} 24. c4 {[%clk 0:00:25]} Nb6 {[%clk 0:01:27]} 25. c5
{[%clk 0:00:17]} Rxd1+ {[%clk 0:01:25]} 26. Rxd1 {[%clk 0:00:10]} Nd5
{[%clk 0:01:18]} 27. Nd7+ {[%clk 0:00:03]} Ka8 {[%clk 0:01:15]} 28. cxb7+
{[%clk 0:00:04]} Qxb7 {[%clk 0:01:15]} 29. Qxb7+ {[%clk 0:00:05]} Kxb7
{[%clk 0:01:16]} 30. Ne5 {[%clk 0:00:06]} f6 {[%clk 0:01:12]} 31. Nd3
{[%clk 0:00:07]} Kc6 {[%clk 0:01:07]} 32. b4 {[%clk 0:00:08]} a5 {[%clk 0:01:04]}
33. a3 {[%clk 0:00:10]} axb4 {[%clk 0:01:04]} 34. axb4 {[%clk 0:00:11]} Rb8
{[%clk 0:01:05]} 35. Rg1 {[%clk 0:00:05]} g5 {[%clk 0:01:04]} 36. hxg5
{[%clk 0:00:06]} hxg5 {[%clk 0:01:05]} 37. Re1 {[%clk 0:00:07]} e5
{[%clk 0:01:00]} 38. Nxe5+ {[%clk 0:00:08]} fxe5 {[%clk 0:01:00]} 39. Rxe5
{[%clk 0:00:09]} g4 {[%clk 0:00:55]} 40. Kd2 {[%clk 0:00:05]} Rxb4
{[%clk 0:00:55]} 41. Ke2 {[%clk 0:00:05]} Rf4 {[%clk 0:00:52]} 42. Kf1
{[%clk 0:00:04]} Kxc5 {[%clk 0:00:52]} 43. Kg2 {[%clk 0:00:06]} Kd6
{[%clk 0:00:50]} 44. Rg5 {[%clk 0:00:07]} Nf6 {[%clk 0:00:49]} 45. Kg3
{[%clk 0:00:07]} Rf3+ {[%clk 0:00:49]} 46. Kg2 {[%clk 0:00:08]} Rd3
{[%clk 0:00:50]} 47. Rg6 {[%clk 0:00:09]} Ke5 {[%clk 0:00:51]} 48. Rg7
{[%clk 0:00:10]} Kf5 {[%clk 0:00:52]} 49. Rf7 {[%clk 0:00:10]} Kg6
{[%clk 0:00:52]} 50. Rf8 {[%clk 0:00:11]} Nh5 {[%clk 0:00:51]} 51. Rg8+
{[%clk 0:00:12]} Kf5 {[%clk 0:00:52]} 52. Rf8+ {[%clk 0:00:11]} Kg5
{[%clk 0:00:53]} 53. Rg8+ {[%clk 0:00:11]} Kh4 {[%clk 0:00:54]} 54. Rh8
{[%clk 0:00:11]} Rd2 {[%clk 0:00:56]} 55. Re8 {[%clk 0:00:10]} Nf4+
{[%clk 0:00:53]} 56. Kf1 {[%clk 0:00:06]} Rd1+ {[%clk 0:00:52]} 0-1

[Event "M?R 2020 v bleskovém ?achu druzstev"]
[Site "Turnov"]
[Date "2020.09.12"]
[Round "4.6"]
[White "Zeman MOR_A, Matyas"]
[Black "Hagarova KVA, Zuzana"]
[Result "1-0"]
[BlackElo "2285"]
[WhiteElo "2197"]
[LiveChessVersion "1.4.8"]

1. d4 {[%clk 0:03:02]} Nf6 {[%clk 0:03:03]} 2. Bg5 {[%clk 0:03:03]} e6
{[%clk 0:03:02]} 3. e4 {[%clk 0:03:03]} h6 {[%clk 0:03:03]} 4. Bxf6
{[%clk 0:03:04]} Qxf6 {[%clk 0:03:04]} 5. c3 {[%clk 0:03:05]} g5 {[%clk 0:03:03]}
6. Bd3 {[%clk 0:03:05]} Bg7 {[%clk 0:03:01]} 7. Ne2 {[%clk 0:03:05]} Qe7
{[%clk 0:02:57]} 8. Nd2 {[%clk 0:03:04]} d6 {[%clk 0:02:49]} 9. Ng3
{[%clk 0:02:59]} h5 {[%clk 0:02:42]} 10. Nxh5 {[%clk 0:02:58]} Bh6
{[%clk 0:02:25]} 11. e5 {[%clk 0:02:23]} dxe5 {[%clk 0:02:21]} 12. dxe5
{[%clk 0:02:24]} Nd7 {[%clk 0:02:22]} 13. Qe2 {[%clk 0:02:21]} Nc5
{[%clk 0:01:26]} 14. Ne4 {[%clk 0:02:01]} Kf8 {[%clk 0:00:38]} 15. O-O-O
{[%clk 0:01:52]} Bd7 {[%clk 0:00:31]} 16. Kb1 {[%clk 0:01:34]} Bc6
{[%clk 0:00:31]} 17. Bc2 {[%clk 0:01:27]} b5 {[%clk 0:00:16]} 18. Nhf6
{[%clk 0:01:04]} Rb8 {[%clk 0:00:09]} 19. Nxc5 {[%clk 0:00:42]} Qxc5
{[%clk 0:00:10]} 20. Nd7+ {[%clk 0:00:36]} Bxd7 {[%clk 0:00:10]} 21. Rxd7
{[%clk 0:00:37]} Kg7 {[%clk 0:00:03]} 22. Qf3 {[%clk 0:00:36]} Rhf8
{[%clk 0:00:04]} 23. Qf6+ {[%clk 0:00:37]} 1-0